A political economy of agricultural markets in South India: masters of the country side (Record no. 96105)

MARC details
000 -LEADER
fixed length control field 00429nam a2200145Ia 4500
008 - FIXED-LENGTH DATA ELEMENTS--GENERAL INFORMATION
fixed length control field 230917s9999||||xx |||||||||||||| ||und||
040 ## - CATALOGING SOURCE
-- 63901
Original cataloging agency VIVEKANANDA LIBRARY
041 ## - Language
-- English
082 ## - DDC NUMBER
Classification number 381.180954 H24P
100 ## - MAIN ENTRY--PERSONAL NAME
Personal name Harriss- White, Barbara
245 #2 - TITLE STATEMENT
Title A political economy of agricultural markets in South India: masters of the country side
260 ## - PUBLICATION, DISTRIBUTION, ETC. (IMPRINT)
Place of publication, distribution, etc New Delhi
Name of publisher, distributor, etc Sage Publications
Date of publication, distribution, etc 1996
300 ## - PHYSICAL DESCRIPTION
Pages 425 p.
942 ## - ADDED ENTRY ELEMENTS (KOHA)
Koha item type Books
Holdings
Withdrawn status Lost status Damaged status Not for loan Location (home branch) Sublocation or collection (holding branch) Date acquired Koha issues (times borrowed) Koha full call number Accession No. Koha date last seen Koha item type
        VIVEKANANDA LIBRARY VIVEKANANDA LIBRARY 08/01/2003   381.180954 H24P 178649 17/09/2023 Books
        VIVEKANANDA LIBRARY VIVEKANANDA LIBRARY 08/01/2003   381.180954 H24P 219251 17/09/2023 Books
© Designed and Maintained by Vivekananda Library, MDU Rohtak